Corre por el camino - Estadísticas

Estadísticas generales
  • Esta prueba ha sido intentada 24 veces
  • La puntuación promedio es 25 de 27
Answers on the Grid
Answers color-coded by a green-red scale on the quiz's grid according to % correct below.
X
X
X
X
X
X
X
X
X
X
X
X
X
X
X
X
X
X
X
X
X
X
X
X
X
X
X
X
X
X
X
X
X
X
X
X
X
X
 
Estadísticas de respuestas
Respuesta % Correcto
100%
100%
100%
100%
100%
100%
100%
100%
100%
100%
100%
100%
94%
94%
94%
94%
94%
94%
94%
89%
89%
89%
83%
78%
78%
78%
78%
No se encontraron pruebas coincidentes
Distribución de puntuación
Porcentaje de gente con cada puntuación
Porcentaje por número respondido
Historial de tus puntuaciones
No has intentado esta prueba.